Arkham Knight Side Missions - Statistics

General Stats
  • This quiz has been taken 12 times
  • The average score is 7 of 18
Answer Stats
Hint Answer % Correct
Riddler Riddler's Revenge
80%
Hush A Friend in Need
70%
Penguin Gunrunner
60%
Man-Bat Creature of the Night
50%
Azrael Heir to the Cowl
50%
Professor Pyg The Perfect Crime
50%
Militia checkpoints Own the Roads
40%
Ra's Al Ghul Shadow War
40%
Two-Face Two-Faced Bandit
40%
Mad Hatter Wonderland
40%
Mr. Freeze In From the Cold
30%
Militia watchtowers Occupy Gotham
30%
Station 17 fire crew The Line of Duty
30%
Militia APCs Armored and Dangerous
20%
Killer Croc Beneath the Surface
20%
Militia explosive devices Campaign for Disarmament
20%
Firefly Gotham on Fire
20%
Deacon Blackfire Lamb to the Slaughter
20%
No matching quizzes found
Score Distribution
Percent of People with Each Score
Percentile by Number Answered
Your Score History
You have not taken this quiz